Manuel Fettner - quiz wielokrotnego wyboru - Statystyki

Ogólne statystyki
  • Ten quiz został rozwiązany 9 razy
    8 od ostatniego zresetowania
  • Średni wynik to 7 z 10
Statystyki odpowiedzi
Zagadnienie Odpowiedź % Poprawnych
W którym roku urodził się Manuel Fettner? 1985
100%
W jakim klubie skakał Manuel Fettner? SV Innsbruck-Bergisel
100%
W którym roku Fettner zdobył złoto drużynowo na Mistrzostwach Świata w Predazzo? 2013
88%
Który z poniższych sukcesów ma na swoim koncie Fettner? Srebrny indywidualny medal olimpijski
88%
W którym roku Manuel Fettner zadebiutował w Pucharze Świata? 2000/2001
63%
Jaki jest rekord życiowy Manuela Fettnera? 243,0 m
63%
W którym mieście mieszka obecnie Fettner? W Innsbrucku
63%
Jaki jest popularny przydomek Manuela Fettnera? Fetti
50%
Jakie jest jego hobby? Muzyka
50%
Gdzie urodził się Manuel Fettner? W Wiedniu
13%
Nie znaleziono quizów pasujących do podanych kryteriów
Rozkład punktacji
Procent ludzi z każdym wynikiem
Percentyl według liczby udzielonych odpowiedzi
Twoja historia wyników
Nie rozwiązałeś tego quizu od ostatniego zresetowania